| 000 | 00687nam a2200169 a 4500 | ||
|---|---|---|---|
| 001 | 000031501 | ||
| 005 | 20200930062956.0 | ||
| 008 | 110627s1925 cu 000 0 spa d | ||
| 040 |
_aDO-SdBNP _bspa _cBNPHU |
||
| 082 |
_axxx _bV215 |
||
| 100 | 1 |
_aValverde, Antonio L. _957884 |
|
| 245 | 1 | 4 |
_aLos restos de Cristóbal Colón y el nicho que en la Iglesia Catedral de La Habana los guardaba / _cAntonio L. Valverde. |
| 260 |
_aLa Habana : _bAcademia de la Historia, _c1925. |
||
| 300 |
_a56 p. ; _c26 cm. |
||
| 500 | _aInforme presentado a la Academia de la Historia y aprobado en sesión celebrada el 22 de noviembre de 1924, sobre la supuesta sustracción de esos restos. | ||
| 049 | _aBNPD | ||
| 999 |
_c30993 _d30993 |
||